Joueurs Africains de Champions League - Statistiques

Statistiques générales
  • Ce quiz a été pris 25 fois
  • Le résultat moyen est 21 sur 75
Statistiques - réponses
Club Pays Joueur % Correct
Liverpool FC Égypte Mohamed Salah
100%
Paris Saint-Germain Maroc Achraf Hakimi
96%
Real Madrid CF Maroc Brahim Díaz
87%
Manchester City Égypte Omar Marmoush
87%
Galatasaray SK Nigeria Victor Osimhen
87%
Atalanta Bergamo Nigeria Ademola Lookman
70%
Borussia Dortmund Guinée Serhou Guirassy
70%
Tottenham Hotspurs Ghana Mohammed Kudus
65%
Manchester City Algérie Rayan Aït-Nouri
65%
Olympique de Marseille Maroc Nayef Aguerd
52%
FC Bayern München Sénégal Nicolas Jackson
52%
Olympique de Marseille Gabon Pierre-Emerick Aubameyang
52%
Olympique de Marseille Algérie Amine Gouiri
48%
Tottenham Hotspurs Sénégal Pape Matar Sarr
48%
SSC Napoli Cameroun André-Frank Zambo-Anguissa
39%
Eintracht Frankfurt Algérie Farès Chaïbi
39%
Olympique de Marseille Centrafrique Geoffrey Kondogbia
39%
Villarreal CF Côte d'Ivoire Nicolas Pépé
39%
Borussia Dortmund Algérie Ramy Bensebaïni
39%
Bayer Leverkusen Burkina-Faso Edmond Tapsoba
35%
Bayer Leverkusen Algérie Ibrahim Maza
35%
Villarreal CF Sénégal Pape Gueye
35%
Tottenham Hotspurs Mali Yves Bissouma
35%
Olympique de Marseille Maroc Bilal Nadir
30%
Athletic Bilbao Ghana Iñaki Williams
30%
Bayer Leverkusen Maroc Eliesse Ben Seghir
26%
Olympique de Marseille Côte d'Ivoire Hamed Junior Traoré
26%
AS Monaco Sénégal Lamine Camara
26%
Galatasaray SK Gabon Mario Lemina
26%
AS Monaco Ghana Mohammed Salisu
26%
Sporting Club Portugal Côte d'Ivoire Ousmane Diomande
26%
Galatasaray SK Côte d'Ivoire Wilfried Singo
26%
Newcastle United RD Congo Yoane Wissa
26%
Union Saint-Gilloise Algérie Adem Zorgane
22%
Eintracht Frankfurt Tunisie Ellyes Skhiri
22%
Sporting Club Portugal Mozambique Geny Catamo
22%
Galatasaray SK Sénégal Ismail Jakobs
22%
Atalanta Bergamo Ghana Kamaldeen Sulemana
22%
AS Monaco Sénégal Krépin Diatta
22%
Villarreal CF Cap-Vert Logan Costa
22%
Atalanta Bergamo Côte d'Ivoire Odilon Kossounou
22%
Club Bruges Nigeria Raphael Onyedika
22%
Olympiakos Maroc Ayoub El Kaabi
17%
Bayer Leverkusen Cameroun Christian Kofane
17%
Slavia Prague Nigeria David Moses
17%
Slavia Prague Nigeria Igoh Ogbu
17%
Villarreal CF Maroc Ilias Akhomach
17%
PSV Eindhoven Maroc Ismael Saibari
17%
Bayer Leverkusen Nigeria Nathan Tella
17%
Union Saint-Gilloise Maroc Sofiane Boufal
17%
Villarreal CF Ghana Thomas Partey
17%
PSV Eindhoven Burkina Faso Adamo Nagalo
13%
PSV Eindhoven Maroc Anass Salah-Eddine
13%
PSV Eindhoven Maroc Couhaib Driouech
13%
AS Monaco Nigeria George Ilenikhena
13%
Qarabag FK Cap-Vert Leandro Andrade
13%
Slavia Prague Liberia Oscar Dorley
13%
Pafos FC Mozambique Bruno Langa
9%
Olympiakos Nigeria Bruno Onyemaechi
9%
Union Saint-Gilloise Guinée-Equatoriale Cristian Makaté
9%
FC Copenhague Tunisie Elias Achouri
9%
Pafos FC Cap-Vert João Correia
9%
Union Saint-Gilloise Sénégal Mamadou Thierno Barry
9%
Athletic Bilbao Maroc Maroan Sannadi
9%
Union Saint-Gilloise Ghana Mohammed Fuseini
9%
FC Copenhague Zimbabwe Munashe Garananga
9%
Union Saint-Gilloise Sénégal Ousseynou Niang
9%
Qarabag FK Maroc Samy Mmaee
9%
Club Bruges Afrique du Sud Shandre Campbell
9%
Slavia Prague Sénégal Youssoupha Mbodji
9%
Slavia Prague Gambie Youssoupha Sanyang
9%
Slavia Prague Liberia Emmanuel Fully
4%
Olympique de Marseille Cameroun François-Régis Mughe
4%
Qarabag FK Côte d'Ivoire Chriso
0%
Pafos FC Congo-Brazzaville Mons Basouamina
0%
Aucun quiz correspondant
Distribution des résultats
% des personnes avec chaque résultat
Percentile par nombre de réponses
Votre historique - résultats
Vous n’avez pas pris ce quiz